000 00541nam a2200229Ia 4500
003 OSt
005 20220918194828.0
006 a|||||r|||| 00| 0
007 ta
008 220917b |||||||| |||| 00| 0 eng d
024 _a81,829
037 _cTextual
040 _aARTS
_cARTS
_beng
041 _2eng
_aeng
082 _aS:g, H9
100 _aFreeman G L
_987345
245 0 _aPhysiological psychology
260 _c1949
650 _aPSYCHOLOGY
942 _hS:g, H9
_cTEXL
_2CC
999 _c205551
_d205551